| 000 | 00794nam a2200241 a 4500 | ||
|---|---|---|---|
| 001 | BRCA_514 | ||
| 005 | 20190320203037.0 | ||
| 008 | 020112s2002 nyua---##b---#001-0#eng-# | ||
| 020 | _a0500510911 | ||
| 050 | 4 |
_aAM221 _b.M38 2002 |
|
| 100 | 1 |
_aMauriès, Patrick _d1952- _91764 |
|
| 245 | 1 | 0 |
_aCabinets of curiosities _cPatrick Mauriès. |
| 260 |
_aLondres _bThames and Hudson _c2002 |
||
| 300 |
_a256 p. _bil. a color _c31 cm. |
||
| 500 | _aIncluye índice | ||
| 504 | _aBibliografía: p. 253 | ||
| 650 | 1 | 4 |
_aColeccionistas y colecciones _xHistoria _91765 |
| 650 | 1 | 4 |
_aColeccionistas y colecciones _xHistoria _ySiglo XVIII-XIX _zEuropa _91766 |
| 650 | 1 | 4 |
_aMuseos _xHistoria _zEuropa _91767 |
| 651 | 4 |
_aEuropa _xCivilización _ySiglo XVIII-XIX _91768 |
|
| 653 | 0 | _aMuebles - Europa | |
| 942 |
_2lcc _cB |
||
| 999 |
_c446 _d446 |
||